| 000 | 00390nam a22001457a 4500 | ||
|---|---|---|---|
| 005 | 20250324085033.0 | ||
| 008 | 250324b |||||||| |||| 00| 0 eng d | ||
| 020 | _a9788178842462 | ||
| 050 |
_aHD2741 _bJOH |
||
| 100 | _aJohari, R. C. | ||
| 245 | _aCorporate governance in twenty first century | ||
| 260 |
_aNew Delhi _bCyber Tech Publications _cc2007 |
||
| 300 | _a243p | ||
| 942 |
_2lcc _cBK _n0 |
||
| 999 |
_c5104 _d5104 |
||